Antagonismo y fractura penínsular: España-Portugal 1910-1919

Guardado en:
Detalles Bibliográficos
Autor principal: Torre, Hipólito de la (Autor)
Formato: Libro
Lenguaje:español
Publicado: Madrid Espasa-Calpe 1983
Colección:Espasa Universitaria, 9
Materias:
Etiquetas: Agregar Etiqueta
Sin Etiquetas, Sea el primero en etiquetar este registro!

MARC

LEADER 00000nam a2200000 a 4500
001 UCO1641
003 CL-VaPUC
008 000519e19830000SP |||||||||||||||||spa|d
082 0 4 |a 327.46  |b TOR  |2 21 
100 0 |a Torre, Hipólito de la  |e author  |9 444018 
245 1 0 |a Antagonismo y fractura penínsular: España-Portugal 1910-1919 
300 |a 394 p 
942 |c BK 
945 |d 20000519 00:00:00  |a rherrera 
260 |a Madrid  |b Espasa-Calpe  |c 1983 
650 0 |a Relaciones Internacionales  |9 255740 
650 0 |a Política exterior   |9 316628 
651 0 |a España  |9 254926 
651 7 |a PORTUGAL  |2 CL-VaPUC  |9 255007 
583 |a last modification  |c 20160912 04:14:09  |k Rodrigo Vera 
490 0 |a Espasa Universitaria, 9 
999 |c 288245  |d 288243 
952 |0 0  |1 0  |4 0  |6 327_460000000000000_TOR_1983  |7 0  |8 A  |9 335816  |a BIBHIS  |b BIBHIS  |d 2019-11-20  |i 1281968  |o 327.46 TOR 1983  |p 1281968  |r 2025-01-20  |w 2019-11-20  |y BK  |k HIS